000 00291cam a2200133ua 4500
041 _aeng
_h
100 _aSharma, A.K .
245 _aBeekeeping Technology for perfit
260 _a :
_bNational Hortband ,
_c1997.
300 _a ; .
504 _a
942 _cBK
999 _c12937
_d12937